Statistics for Countries in Asia Never Visited by an US President

Click here to take the quiz!

General Stats

  • This quiz has been taken 73 times
  • The average score is 12 of 16

Answer Stats

Answer% Correct
Turkmenistan
92%
Bhutan
90%
Tajikistan
90%
North Korea
85%
Uzbekistan
85%
Yemen
83%
Armenia
82%
Azerbaijan
82%
Nepal
82%
Kazakhstan
80%
Kyrgyzstan
78%
Sri Lanka
73%
Maldives
72%
East Timor
67%
Lebanon
63%
Cyprus
42%

Score Distribution

Percentile by Number Answered

Percent of People with Each Score

Your Score History

You have not taken this quiz